00546nam a2200145Ia 4500008004100000020001800041082001900059100002700078245011400105260003300219300000900252942001200261999001900273952010800292210430s9999 xx 000 0 und d a0-12-683265-X a668.9 E 9642 E aToyoichi Tanaka952794 aExperimental Methods in Polmer Science : Modern Methods in polymer research and Technology /cToyoichi Tanaka aLondonbAcademic Pressc2000 a604p cBK2ddc c563495d563495 001040708NFICaSCMEbSCMEcGENd0007-06-11l0o668.9 E 9642 EpSCME-2416r2021-04-30w2021-04-30yBK